000 nam a22 4500
999 _c332018
_d332018
020 _a9781785480126
082 _a621.3822 SAN
100 _aAntonio Cuadra-Sanchez | Javier Aracil
245 _aTraffic Anomaly detection
260 _aLondon
_bISTE Press
_c2015
300 _a59p.
942 _2ddc